[Event "Clark Harmon Memorial"]
[Site "Portland"]
[Date "2013.04.13"]
[Round "1.2"]
[White "Brusselback, Lon"]
[Black "Gay, Daniel Zachary"]
[Result "0-1"]
[WhiteElo "1628"]
[BlackElo "2236"]
[PlyCount "34"]
[EventDate "2013.04.13"]
[EventType "swiss"]
[EventRounds "5"]
[EventCountry "USA"]

1. e4 c5 2. Nc3 a6 3. g3 b5 4. Bg2 Bb7 5. d3 e6 6. f4 Ne7 7. Nf3 d5 8. O-O b4
9. Ne2 Nbc6 10. e5 h5 11. h4 Nf5 12. c3 Qb6 13. c4 Nce7 14. Ng5 f6 15. Nf3
O-O-O 16. cxd5 Nxd5 17. Qb3 c4+ 0-1

[Event "Clark Harmon Memorial"]
[Site "Portland"]
[Date "2013.04.13"]
[Round "1.3"]
[White "Bjorksten, Lennart"]
[Black "Anthony, Ralph J"]
[Result "1-0"]
[WhiteElo "2110"]
[BlackElo "1591"]
[PlyCount "87"]
[EventDate "2013.04.13"]
[EventType "swiss"]
[EventRounds "5"]
[EventCountry "USA"]

1. d4 Nf6 2. c4 c5 3. d5 b5 4. Nf3 g6 5. Qc2 d6 6. e4 bxc4 7. Bxc4 Bg7 8. O-O
Nbd7 9. Nc3 O-O 10. h3 Nb6 11. Bb5 Bb7 12. a4 a5 13. Bg5 Ne8 14. Rae1 Nc7 15.
Nd2 Nxb5 16. axb5 Qd7 17. f4 Rfe8 18. f5 Bd4+ 19. Be3 Bg7 20. g4 Qd8 21. Nf3
Nc4 22. Bc1 Ne5 23. Bg5 Qb6 24. Kg2 a4 25. Ra1 h6 26. Bf4 c4 27. Bxe5 dxe5 28.
Rxa4 Rxa4 29. Qxa4 gxf5 30. gxf5 e6 31. fxe6 fxe6 32. Qxc4 exd5 33. Nxd5 Qg6+
34. Kh2 Kh8 35. Rg1 Qe6 36. Qc7 Re7 37. Qxe7 Qxe7 38. Nxe7 Bxe4 39. Ng6+ Bxg6
40. Rxg6 e4 41. Nh4 e3 42. Re6 Bd4 43. Nf5 Bxb2 44. Nxe3 1-0

[Event "Clark Harmon Memorial"]
[Site "Portland"]
[Date "2013.04.13"]
[Round "1.4"]
[White "Strohbehn, Jon Douglas"]
[Black "Deeth, Steven B"]
[Result "1/2-1/2"]
[WhiteElo "1650"]
[BlackElo "2110"]
[PlyCount "108"]
[EventDate "2013.04.13"]
[EventType "swiss"]
[EventRounds "5"]
[EventCountry "USA"]

1. c4 c5 2. Nf3 Nc6 3. d4 cxd4 4. Nxd4 Qb6 5. Nb3 Nf6 6. Nc3 e6 7. Be3 Qd8 8.
Bf4 a6 9. c5 b6 10. Bd6 Be7 11. g3 Bb7 12. Bg2 Na5 13. Bxe7 Qxe7 14. Bxb7 Nxb7
15. cxb6 d5 16. O-O O-O 17. Rc1 Rfd8 18. Nd4 Rac8 19. Qd3 Nc5 20. Qf3 Qb7 21.
b4 Nce4 22. Nb3 Qxb6 23. a3 h6 24. Qd3 Nxc3 25. Rxc3 Ne4 26. Rc2 f5 27. Qd4
Qxd4 28. Nxd4 Rxc2 29. Nxc2 Rc8 30. Nd4 Kf7 31. b5 axb5 32. Nxb5 Ke7 33. f3 Nd6
34. Nxd6 Kxd6 35. Ra1 Ra8 36. Kf2 g5 37. Ke3 e5 38. Kd3 Ra4 39. e3 h5 40. Kc3
Kc5 41. Kb3 Ra8 42. a4 Rb8+ 43. Kc3 d4+ 44. exd4+ exd4+ 45. Kc2 Kc4 46. Ra3 Ra8
47. a5 Kb4 48. Ra2 d3+ 49. Kxd3 Kb3 50. Ra1 Kb2 51. Ra4 Kb3 52. Ra1 Kb2 53. Ra4
Kb3 54. Ra1 Kb2 1/2-1/2

[Event "Clark Harmon Memorial"]
[Site "Portland"]
[Date "2013.04.13"]
[Round "1.5"]
[White "Trattner, Andrew Lam"]
[Black "Janniro, Mike E"]
[Result "1-0"]
[WhiteElo "1582"]
[BlackElo "2021"]
[PlyCount "81"]
[EventDate "2013.04.13"]
[EventType "swiss"]
[EventRounds "5"]
[EventCountry "USA"]

1. e4 e6 2. d4 d5 3. e5 c5 4. c3 Nc6 5. Nf3 Qb6 6. a3 f6 7. b4 cxd4 8. cxd4 a6
9. Bb2 Bd7 10. Bd3 Be7 11. O-O f5 12. Nc3 Nh6 13. Rc1 O-O 14. Na4 Qc7 15. Qb3
Rfb8 16. Nc5 Bc8 17. Bb1 Qd8 18. a4 Qe8 19. Rc3 g5 20. Rfc1 g4 21. Nd2 Nxd4 22.
Qd1 Nc6 23. h3 Bxc5 24. Rxc5 Nxb4 25. Nb3 Nc6 26. Qd2 Qg6 27. R1c3 Kh8 28. hxg4
Nxg4 29. Rg3 Qh6 30. Rxd5 Qxd2 31. Rxd2 b5 32. a5 Ra7 33. f3 Ne3 34. Rd6 Rc7
35. Nd4 Bd7 36. Nxf5 Nc4 37. Bc3 b4 38. Ba1 Rg8 39. Rh3 b3 40. Ne7 Nxe7 41.
Rxh7# 1-0

[Event "Clark Harmon Memorial"]
[Site "Portland"]
[Date "2013.04.13"]
[Round "1.7"]
[White "Hasuike, Mike L"]
[Black "Tezcan, Yaman"]
[Result "0-1"]
[WhiteElo "1500"]
[BlackElo "2036"]
[PlyCount "117"]
[EventDate "2013.04.13"]
[EventType "swiss"]
[EventRounds "5"]
[EventCountry "USA"]

1. d4 c5 2. e3 e6 3. Bd3 d5 4. c3 Nf6 5. Nd2 Bd6 6. f4 Nc6 7. Qf3 Qe7 8. Nh3
Bd7 9. O-O O-O 10. Nf2 c4 11. Bc2 b5 12. e4 dxe4 13. Nfxe4 Nxe4 14. Nxe4 f5 15.
Nxd6 Qxd6 16. Bd2 Ne7 17. Rae1 Bc6 18. Qf2 Rf6 19. Bd1 Rg6 20. Bf3 Nd5 21. Re5
Nf6 22. Bxc6 Qxc6 23. Qf3 Ne4 24. Be3 Rf8 25. Rd1 Rd8 26. Rc5 Qd7 27. Re5 Nf6
28. Bf2 Rh6 29. h3 a6 30. Rde1 Ne4 31. Rd1 Nf6 32. Rde1 Nd5 33. Be3 Rg6 34. Bf2
a5 35. a3 b4 36. axb4 axb4 37. Ra1 Qb7 38. Ree1 bxc3 39. bxc3 Qb2 40. Ra6 Re8
41. Rc6 Nxc3 42. Rxc4 Ne4 43. Re2 Qb1+ 44. Kh2 Qd1 45. Qe3 Qf1 46. Be1 Rxg2+
47. Rxg2 Qxc4 48. Qg1 Re7 49. h4 Rd7 50. Bf2 Nxf2 51. Qxf2 Qxd4 52. Qf3 Qf6 53.
Qa3 Rd1 54. Ra2 Rd8 55. Kh3 Qh6 56. Qe3 Qh5 57. Kh2 Qxh4+ 58. Kg2 Qg4+ 59. Kh2
0-1

[Event "Clark Harmon Memorial"]
[Site "Portland"]
[Date "2013.04.13"]
[Round "1.24"]
[White "Pietrantonio, Dean Andrew Di"]
[Black "Davis, Frederick A"]
[Result "0-1"]
[WhiteElo "1063"]
[BlackElo "1771"]
[PlyCount "92"]
[EventDate "2013.04.13"]
[EventType "swiss"]
[EventRounds "5"]
[EventCountry "USA"]

1. Nf3 Nf6 2. g3 g6 3. Bg2 Bg7 4. O-O O-O 5. d3 d6 6. Nbd2 e5 7. e4 Ne8 8. Re1
f5 9. Nf1 Nf6 10. Bg5 h6 11. Bd2 c6 12. Nh4 Kh7 13. f4 exf4 14. gxf4 Ng8 15.
Nf3 Bxb2 16. Rb1 Bg7 17. e5 dxe5 18. fxe5 Re8 19. d4 Nd7 20. c3 Nf8 21. Ng3 Qe7
22. h4 Be6 23. Kf2 Qd7 24. Rh1 Ne7 25. h5 g5 26. Qc2 Kg8 27. Rh2 Nh7 28. Bf1
Rf8 29. Bd3 b6 30. c4 g4 31. Nh4 Qxd4+ 32. Be3 Qxe5 33. Ng6 Nxg6 34. hxg6 Ng5
35. Bxg5 hxg5 36. Qe2 Qf6 37. Rbh1 Qxg6 38. Rh5 Kf7 39. c5 Rh8 40. Bc4 Rxh5 41.
Rxh5 Bd4+ 42. Kf1 Re8 43. Rh2 Bxc5 44. Qd3 Bxc4 45. Qxc4+ Qe6 46. Re2 Qxc4 0-1

[Event "Clark Harmon Memorial"]
[Site "Portland"]
[Date "2013.04.13"]
[Round "1.42"]
[White "Zavortink, Matt"]
[Black "Greger, Tom"]
[Result "1-0"]
[WhiteElo "2112"]
[BlackElo "1529"]
[PlyCount "43"]
[EventDate "2013.04.13"]
[EventType "swiss"]
[EventRounds "5"]
[EventCountry "USA"]

1. d4 d5 2. Bf4 Nf6 3. e3 Bf5 4. c4 e6 5. Nc3 Bd6 6. Bg3 c6 7. Nf3 Ne4 8. Bd3
Bxg3 9. hxg3 Nd7 10. Bxe4 Bxe4 11. Nxe4 dxe4 12. Nd2 Nf6 13. Qc2 Qa5 14. Kf1
Qf5 15. Rh4 g5 16. Rxe4 Nxe4 17. Nxe4 Ke7 18. f3 g4 19. Qb3 b6 20. Qb4+ c5 21.
dxc5 gxf3 22. c6+ 1-0

[Event "Clark Harmon Memorial"]
[Site "Portland"]
[Date "2013.04.13"]
[Round "2.1"]
[White "Eagles, Roland"]
[Black "Raptis, Nick"]
[Result "0-1"]
[WhiteElo "1837"]
[BlackElo "2379"]
[PlyCount "62"]
[EventDate "2013.04.13"]
[EventType "swiss"]
[EventRounds "5"]
[EventCountry "USA"]

1. c4 f5 2. d4 Nf6 3. Nc3 g6 4. Nf3 Bg7 5. g3 O-O 6. Bg2 d6 7. O-O Nc6 8. a3 h6
9. Re1 e5 10. d5 Ne7 11. e4 a5 12. Bd2 g5 13. b4 f4 14. h3 Ng6 15. g4 h5 16.
Nh2 hxg4 17. Nxg4 Nxg4 18. hxg4 axb4 19. axb4 Rxa1 20. Qxa1 Bxg4 21. f3 Bc8 22.
Kf2 g4 23. Rh1 Qg5 24. Qg1 Nh4 25. Ke2 Rf6 26. Be1 Rh6 27. Bxh4 Rxh4 28. Rxh4
gxf3+ 29. Kxf3 Qxh4 30. Ke2 Qg3 31. Nd1 f3+ 0-1

[Event "Clark Harmon Memorial"]
[Site "Portland"]
[Date "2013.04.13"]
[Round "2.2"]
[White "Gay, Daniel Zachary"]
[Black "Levin, Scott Andrew"]
[Result "0-1"]
[WhiteElo "2236"]
[BlackElo "1834"]
[PlyCount "118"]
[EventDate "2013.04.13"]
[EventType "swiss"]
[EventRounds "5"]
[EventCountry "USA"]

1. Nf3 Nf6 2. g3 b6 3. Bg2 Bb7 4. O-O c5 5. d3 e6 6. Nc3 a6 7. a4 Be7 8. e4 d6
9. Nd2 O-O 10. f4 Qc7 11. f5 Nc6 12. g4 Nd4 13. Nb3 exf5 14. exf5 Bxg2 15. Kxg2
Qc6+ 16. Kg1 Nxb3 17. cxb3 h6 18. h4 Nh7 19. Qe1 Rfe8 20. Qg3 Bf6 21. g5 Bd4+
22. Kh2 hxg5 23. hxg5 Re5 24. Bd2 Rae8 25. Qg4 Bxc3 26. Bxc3 Re2+ 27. Kg1 d5
28. Rae1 Rxe1 29. Bxe1 d4 30. f6 Qe6 31. Qh4 Qe3+ 32. Kh1 Qxg5 33. Rg1 Qxh4+
34. Bxh4 g6 35. Kg2 Re6 36. Rf1 g5 37. Bg3 Nxf6 38. Rf5 Nh7 39. Bc7 Kg7 40. Kf2
Kg6 41. Rd5 Nf6 42. Rd8 Ne8 43. Bb8 f5 44. Ba7 Nf6 45. a5 Ng4+ 46. Kf1 bxa5 47.
Bxc5 Ne5 48. Rxd4 f4 49. Rd8 g4 50. Bf2 g3 51. Bxg3 fxg3 52. Rg8+ Kf5 53. Rxg3
Kf4 54. Rh3 Rb6 55. Rh4+ Ng4 56. Rh5 Rb5 57. Rh8 Rxb3 58. Ra8 Rxb2 59. Rxa6 Kf3
{And the last few moves are not possible to reconstruct at this time.} 0-1

[Event "Clark Harmon Memorial"]
[Site "Portland"]
[Date "2013.04.13"]
[Round "2.3"]
[White "Rotariu, Constantin"]
[Black "Bjorksten, Lennart"]
[Result "0-1"]
[WhiteElo "1801"]
[BlackElo "2110"]
[PlyCount "92"]
[EventDate "2013.04.13"]
[EventType "swiss"]
[EventRounds "5"]
[EventCountry "USA"]

1. e4 Nf6 2. e5 Nd5 3. c4 Nb6 4. c5 Nd5 5. Bc4 e6 6. Bxd5 exd5 7. d4 d6 8. cxd6
cxd6 9. Nf3 Nc6 10. h3 Be7 11. O-O O-O 12. Be3 Be6 13. Nc3 f6 14. exf6 Rxf6 15.
Ng5 Qd7 16. Nxe6 Qxe6 17. Qg4 Rf5 18. Rae1 Raf8 19. Ne2 Qf7 20. Ng3 Rf6 21. Qd7
Bd8 22. Qxf7+ R6xf7 23. a3 Na5 24. Ne2 Nc4 25. Bc1 Ba5 26. b4 Bb6 27. f4 Re7
28. Kf2 Rfe8 29. a4 a6 30. Rh1 Re4 31. a5 Nxa5 32. Bb2 Nb3 33. Bc3 Kf7 34. g3
Nxd4 35. Bxd4 Bxd4+ 36. Nxd4 Rxd4 37. Rb1 Rd2+ 38. Kf3 Ree2 39. Rhg1 d4 40.
Rgc1 Re3+ 41. Kg4 Rg2 42. Rc7+ Kf6 43. f5 Rgxg3+ 44. Kf4 h5 45. Rf1 Rxh3 46.
Rxb7 Rh4# 0-1

[Event "Clark Harmon Memorial"]
[Site "Portland"]
[Date "2013.04.13"]
[Round "2.4"]
[White "Davis, Frederick A"]
[Black "Zavortink, Matt"]
[Result "0-1"]
[WhiteElo "1771"]
[BlackElo "2112"]
[PlyCount "36"]
[EventDate "2013.04.13"]
[EventType "swiss"]
[EventRounds "5"]
[EventCountry "USA"]

1. e4 Nf6 2. e5 Nd5 3. d4 d6 4. c4 Nb6 5. exd6 exd6 6. Nc3 Nc6 7. h3 Bf5 8. Nf3
Nb4 9. Kd2 Be7 10. a3 Nc2 11. Ra2 Bg5+ 12. Nxg5 Qxg5+ 13. Ke2 Qe7+ 14. Be3 Nxc4
15. Qc1 Nxd4+ 16. Ke1 Nxe3 17. fxe3 Qh4+ 18. Kd1 Nb3 0-1

[Event "Clark Harmon Memorial"]
[Site "Portland"]
[Date "2013.04.13"]
[Round "2.5"]
[White "Yoshinaga, David K"]
[Black "Botez, Alexandra Valeria"]
[Result "0-1"]
[WhiteElo "1768"]
[BlackElo "2044"]
[PlyCount "68"]
[EventDate "2013.04.13"]
[EventType "swiss"]
[EventRounds "5"]
[EventCountry "USA"]

1. c4 Nf6 2. Nc3 g6 3. b3 Bg7 4. Bb2 O-O 5. e3 d6 6. d4 Nbd7 7. Bd3 e5 8. Nge2
Nh5 9. g4 Nhf6 10. Ng3 exd4 11. exd4 Re8+ 12. Nce2 Nxg4 13. h3 Nh6 14. Qc2 c5
15. O-O-O a5 16. h4 Ng4 17. Rdf1 h5 18. Kb1 a4 19. bxa4 Nb6 20. d5 Bxb2 21.
Kxb2 Nxa4+ 22. Kc1 Qf6 23. Ne4 Qe5 24. f4 Qe7 25. Rf3 Bf5 26. N2g3 Bxe4 27.
Nxe4 f5 28. Ng5 Qf6 29. Qb3 Nc3 30. Qxb7 Nxa2+ 31. Kc2 Qc3+ 32. Kb1 Reb8 33.
Qxb8+ Rxb8+ 34. Kxa2 Qb2# 0-1

[Event "Clark Harmon Memorial"]
[Site "Portland"]
[Date "2013.04.13"]
[Round "2.6"]
[White "Tezcan, Yaman"]
[Black "Nicoski, Aaron Michael"]
[Result "1-0"]
[WhiteElo "2036"]
[BlackElo "1768"]
[PlyCount "85"]
[EventDate "2013.04.13"]
[EventType "swiss"]
[EventRounds "5"]
[EventCountry "USA"]

1. d4 Nf6 2. Bg5 e6 3. e3 d5 4. Nf3 Be7 5. c4 c6 6. Nc3 Nbd7 7. Bd3 h6 8. Bh4
O-O 9. O-O dxc4 10. Bxc4 Nb6 11. Bd3 Nfd5 12. Bg3 c5 13. Rc1 cxd4 14. exd4 Bd7
15. Bb1 Nf6 16. Qd3 Bc6 17. Ne5 Rc8 18. Ng4 Nbd7 19. Bh4 g6 20. Nxh6+ Kg7 21.
Nxf7 Rxf7 22. Qxg6+ Kf8 23. Bg5 Ng4 24. Bxe7+ Qxe7 25. Qxg4 Bxg2 26. Qxg2 Rg7
27. Bg6 Qf6 28. Kh1 Rxg6 29. Qxb7 Rb8 30. Qe4 Rxb2 31. Ne2 Nb6 32. Nf4 Rh6 33.
Rc6 Rxh2+ 34. Kxh2 Qh4+ 35. Kg1 Qg4+ 36. Qg2 Qxf4 37. Rxe6 Rb5 38. Rg6 Qxd4 39.
Rg8+ Kf7 40. Qg6+ Ke7 41. Re1+ Kd7 42. Rg7+ Kd8 43. Re8# 1-0

[Event "Clark Harmon Memorial"]
[Site "Portland"]
[Date "2013.04.13"]
[Round "2.7"]
[White "Gutman, Richard G"]
[Black "O'Connell, Sean"]
[Result "1-0"]
[WhiteElo "2008"]
[BlackElo "1775"]
[PlyCount "79"]
[EventDate "2013.04.13"]
[EventType "swiss"]
[EventRounds "5"]
[EventCountry "USA"]

1. d4 g6 2. e4 Bg7 3. Nc3 a6 4. Be3 d6 5. Qd2 Nd7 6. Nf3 b5 7. Bd3 Bb7 8. h3 c5
9. a3 cxd4 10. Nxd4 Rc8 11. O-O Ne5 12. Nd5 Bxd5 13. exd5 Nf6 14. f4 Nxd3 15.
Qxd3 Qd7 16. Ne2 O-O 17. a4 Qb7 18. Rfd1 bxa4 19. Rxa4 Qxb2 20. Rd2 Qb1+ 21.
Kh2 Nd7 22. Rxa6 Nc5 23. Bxc5 Rxc5 24. Ra7 Bf6 25. c3 Qb6 26. Raa2 Rfc8 27.
Rdb2 Qc7 28. Rb5 Qd7 29. Rxc5 Rxc5 30. c4 Qc7 31. Ra4 e6 32. dxe6 fxe6 33. Nd4
Bxd4 34. Qxd4 e5 35. Qe4 Kg7 36. f5 Qd7 37. Qa8 Qxf5 38. Ra7+ Kh6 39. Qg8 Qf4+
40. Kg1 1-0

[Event "Clark Harmon Memorial"]
[Site "Portland"]
[Date "2013.04.13"]
[Round "2.22"]
[White "Anthony, Ralph J"]
[Black "Perrish, Thomas A"]
[Result "1-0"]
[WhiteElo "1591"]
[BlackElo "1281"]
[PlyCount "120"]
[EventDate "2013.04.13"]
[EventType "swiss"]
[EventRounds "5"]
[EventCountry "USA"]

1. e4 e5 2. Nf3 Nf6 3. Nxe5 Qe7 4. d4 d6 5. Nf3 Nxe4 6. Be2 g6 7. O-O Bg7 8.
Re1 O-O 9. Bd3 d5 10. Bg5 Qd7 11. Bxe4 dxe4 12. Rxe4 Qc6 13. Nc3 Bf5 14. Re3
Qb6 15. Nd5 Qa5 16. Ne7+ Kh8 17. Nxf5 Qxf5 18. c3 Nd7 19. Qe2 Nf6 20. Re5 Qd7
21. Re1 Nd5 22. Re4 h6 23. Bh4 g5 24. Bxg5 hxg5 25. Nxg5 Nf6 26. Rh4+ Kg8 27.
Ne4 Nxe4 28. Qxe4 Rfe8 29. Qh7+ Kf8 30. Ree4 Rxe4 31. Rxe4 Re8 32. h4 Rxe4 33.
Qxe4 Qb5 34. b3 Bf6 35. Qg4 Qe8 36. Kf1 c6 37. h5 Ke7 38. Qf4 Qd7 39. h6 Qd6
40. Qf5 Qe6 41. Qc5+ Qd6 42. Qxa7 Qc7 43. Qc5+ Qd6 44. Qh5 Qd5 45. Qxd5 cxd5
46. f4 Kf8 47. Ke2 Be7 48. c4 dxc4 49. bxc4 Kg8 50. c5 f5 51. a4 Bd8 52. Kf3
Kh7 53. g4 fxg4+ 54. Kxg4 Bf6 55. d5 Kxh6 56. Kf5 Kg7 57. Ke6 Bd8 58. Kd7 Ba5
59. c6 bxc6 60. dxc6 Kf6 1-0

[Event "Clark Harmon Memorial"]
[Site "Portland"]
[Date "2013.04.13"]
[Round "3.1"]
[White "Raptis, Nick"]
[Black "Chan, James"]
[Result "1-0"]
[WhiteElo "2379"]
[BlackElo "2022"]
[PlyCount "81"]
[EventDate "2013.04.13"]
[EventType "swiss"]
[EventRounds "5"]
[EventCountry "USA"]

1. d4 d5 2. Nc3 c6 3. e4 dxe4 4. Nxe4 Nf6 5. Nxf6+ exf6 6. c3 Bd6 7. Bd3 Nd7 8.
Qc2 h6 9. Ne2 O-O 10. Bf4 Bxf4 11. Nxf4 Re8+ 12. Ne2 Qa5 13. O-O Nf8 14. Ng3
Be6 15. Rfe1 c5 16. dxc5 Qxc5 17. Rad1 Qa5 18. Ra1 Rad8 19. Ne2 Bd5 20. a3 Qb6
21. Nd4 Ne6 22. Nxe6 Bxe6 23. h3 Bb3 24. Rxe8+ Rxe8 25. Qc1 Qd6 26. Bc2 Bd5 27.
Qd2 Qe5 28. Rd1 Bc6 29. c4 f5 30. b4 g6 31. b5 Be4 32. Bxe4 Qxe4 33. c5 f4 34.
Qd5 Qe2 35. c6 bxc6 36. bxc6 f3 37. g4 Qc2 38. Qxf3 Re7 39. Rd7 Qb1+ 40. Kg2
Qe1 41. c7 1-0

[Event "Clark Harmon Memorial"]
[Site "Portland"]
[Date "2013.04.13"]
[Round "3.2"]
[White "Bjorksten, Lennart"]
[Black "Cigan, Jason"]
[Result "0-1"]
[WhiteElo "2110"]
[BlackElo "2009"]
[PlyCount "134"]
[EventDate "2013.04.13"]
[EventType "swiss"]
[EventRounds "5"]
[EventCountry "USA"]

1. c4 Nf6 2. Nc3 c5 3. g3 e6 4. Bg2 d5 5. cxd5 exd5 6. d3 Be7 7. Qb3 d4 8. Nd5
Nc6 9. Nxe7 Qxe7 10. Bg5 O-O 11. Rc1 Bf5 12. Bxf6 gxf6 13. Bxc6 bxc6 14. Qc2
Rfe8 15. Kf1 Rab8 16. b3 Rb5 17. h4 Qe6 18. h5 h6 19. Kg2 Kh7 20. Qd2 Qd5+ 21.
f3 Rb7 22. Nh3 Bxh3+ 23. Rxh3 Rbe7 24. Re1 Qe6 25. e4 dxe3 26. Qc2 Qf5 27. Rh4
Rd8 28. Re4 Rxe4 29. fxe4 Qxh5 30. Rxe3 Rg8 31. Rf3 Qg5 32. Qf2 Rg6 33. Rf5 Qc1
34. Rxc5 Qb1 35. Rxc6 Qxd3 36. Rc4 a6 37. Rd4 Rxg3+ 38. Qxg3 Qxd4 39. Qf3 Qd2+
40. Qf2 Qg5+ 41. Kh3 Qh5+ 42. Kg2 Qg4+ 43. Kf1 Qxe4 44. Qxf6 Qb1+ 45. Kg2 Qxa2+
46. Kh1 Qb1+ 47. Kh2 Qc2+ 48. Kh1 Qe4+ 49. Kh2 Qe2+ 50. Kg1 Qe6 51. Qf3 Kg7 52.
Kh1 h5 53. Qg3+ Qg6 54. Qc3+ f6 55. Qc7+ Kh6 56. Qc6 Qb1+ 57. Kh2 Qb2+ 58. Kh1
a5 59. Qc5 Qa1+ 60. Kg2 Qa2+ 61. Kh1 Qb1+ 62. Kh2 Qxb3 63. Qxa5 Qb2+ 64. Kh1
Qc1+ 65. Kh2 Qf4+ 66. Kh3 Qg4+ 67. Kh2 Qh4+ 0-1

[Event "Clark Harmon Memorial"]
[Site "Portland"]
[Date "2013.04.13"]
[Round "3.3"]
[White "Zavortink, Matt"]
[Black "Roback, Joe"]
[Result "1-0"]
[WhiteElo "2112"]
[BlackElo "1933"]
[PlyCount "53"]
[EventDate "2013.04.13"]
[EventType "swiss"]
[EventRounds "5"]
[EventCountry "USA"]

1. d4 Nf6 2. Bf4 g6 3. Nf3 Bg7 4. Nc3 d5 5. e3 O-O 6. Be2 Nbd7 7. Ne5 c6 8. h4
h6 9. Bf3 Nxe5 10. Bxe5 Qb6 11. Rb1 Qd8 12. g4 Nd7 13. Bxg7 Kxg7 14. Be2 b5 15.
f4 a5 16. Bd3 b4 17. Ne2 Ba6 18. h5 Bxd3 19. cxd3 c5 20. g5 Rh8 21. hxg6 fxg6
22. gxh6+ Rxh6 23. Rxh6 Kxh6 24. Kf2 cxd4 25. Nxd4 e5 26. Qh1+ Kg7 27. Ne6+ 1-0

[Event "Clark Harmon Memorial"]
[Site "Portland"]
[Date "2013.04.13"]
[Round "3.4"]
[White "Botez, Alexandra Valeria"]
[Black "Goffe, Michael P"]
[Result "1/2-1/2"]
[WhiteElo "2044"]
[BlackElo "1914"]
[PlyCount "127"]
[EventDate "2013.04.13"]
[EventType "swiss"]
[EventRounds "5"]
[EventCountry "USA"]

1. d4 e6 2. Nf3 Nf6 3. g3 b6 4. Bg2 Bb7 5. O-O Be7 6. Nbd2 O-O 7. Re1 Ne4 8.
Ne5 f5 9. f3 Nf6 10. c4 d6 11. Nd3 d5 12. Nf4 Qd7 13. cxd5 exd5 14. b3 c5 15.
Bb2 Nc6 16. e3 Rae8 17. Nd3 Bd6 18. dxc5 bxc5 19. Rc1 Qe7 20. Bxf6 Rxf6 21. e4
fxe4 22. fxe4 dxe4 23. Bxe4 Ne5 24. Nf4 Kh8 25. Bxb7 Qxb7 26. Ne4 Qb4 27. Kg2
Qb7 28. Qd5 Qxd5 29. Nxd5 Nd3 30. Ndxf6 Nxe1+ 31. Rxe1 gxf6 32. Kf2 Be5 33. Rc1
Bb2 34. Rc4 Re5 35. Kf3 Bd4 36. b4 Bg1 37. Kg2 Bd4 38. Nxc5 Re2+ 39. Kf3 Rf2+
40. Kg4 Be5 41. Nd3 Rxa2 42. Nxe5 fxe5 43. h4 Rb2 44. Kf5 Kg7 45. Rc7+ Kh6 46.
g4 Rf2+ 47. Kxe5 Rb2 48. Kf5 Rf2+ 49. Ke5 Rb2 50. Rc4 a5 51. Rc6+ Kg7 52. Rc7+
Kg6 53. Rc6+ Kg7 54. Kf5 Rf2+ 55. Kg5 axb4 56. Rb6 Ra2 57. Rb7+ Kg8 58. Rxb4
Ra5+ 59. Kf4 Kg7 60. Rb7+ Kg6 61. h5+ Kh6 62. Rb6+ Kg7 63. h6+ Kg8 64. Rf6 {
And there is something wrong on the scoresheet for the rest of the game, which
appears to be drawn on move 73.} 1/2-1/2

[Event "Clark Harmon Memorial"]
[Site "Portland"]
[Date "2013.04.13"]
[Round "3.41"]
[White "Butson, Jeffrey Chip"]
[Black "Pietrantonio, Dean Andrew Di"]
[Result "1-0"]
[WhiteElo "1354"]
[BlackElo "1063"]
[PlyCount "61"]
[EventDate "2013.04.13"]
[EventType "swiss"]
[EventRounds "5"]
[EventCountry "USA"]

1. e4 e5 2. Nf3 Nc6 3. d4 d6 4. dxe5 Bd7 5. exd6 Bxd6 6. Bc4 Qe7 7. Nc3 Nf6 8.
O-O O-O 9. Re1 Ne5 10. Nxe5 Bxe5 11. Nd5 Nxd5 12. exd5 Qd6 13. g3 Rfe8 14. c3
Re7 15. Be3 Rae8 16. Qd2 Bh3 17. Bf1 Bg4 18. Bg2 g6 19. b4 b5 20. Bc5 Qf6 21.
Bxe7 Rxe7 22. Rac1 Kg7 23. c4 g5 24. cxb5 h5 25. Rc6 Qf5 26. Be4 Qc8 27. Qxg5+
Kf8 28. Qh6+ Bg7 29. Qg5 f5 30. Re6 Ke8 31. Qxe7# 1-0

[Event "Clark Harmon Memorial"]
[Site "Portland"]
[Date "2013.04.14"]
[Round "4.1"]
[White "Tezcan, Yaman"]
[Black "Raptis, Nick"]
[Result "0-1"]
[WhiteElo "2036"]
[BlackElo "2379"]
[PlyCount "152"]
[EventDate "2013.04.13"]
[EventType "swiss"]
[EventRounds "5"]
[EventCountry "USA"]

1. d4 d6 2. Bf4 g6 3. Nf3 Bg7 4. h3 f5 5. e3 Nf6 6. Be2 O-O 7. O-O e6 8. c4 Qe7
9. Nc3 Ne4 10. Nxe4 fxe4 11. Nd2 d5 12. Bh2 c6 13. c5 e5 14. Rb1 Rf7 15. Nb3
exd4 16. exd4 Nd7 17. Bg4 Nf6 18. Bd6 Qd8 19. Bxc8 Rxc8 20. Nc1 Nh5 21. Ne2 Bh6
22. b4 b5 23. a4 a6 24. Ra1 Bf4 25. Nxf4 Nxf4 26. Bxf4 Rxf4 27. axb5 axb5 28.
Ra7 Qf6 29. Qd2 Rf8 30. Qe3 Qe6 31. Rc7 R8f7 32. Rxf7 Rxf7 33. Ra1 Kg7 34. Ra3
Qf6 35. Ra6 g5 36. Qg3 h5 37. Ra8 h4 38. Qe3 Qf5 39. Ra6 Rf6 40. Ra3 Kg6 41.
Ra8 Rf8 42. Ra6 Qc8 43. Qa3 Rf6 44. Ra8 Qf5 45. Qe3 Kh6 46. Qe2 Qf4 47. Qe3 Qf5
48. Ra7 Rg6 49. Rc7 Qf6 50. Ra7 Rg7 51. Ra6 Kh7 52. Ra3 g4 53. hxg4 Rxg4 54.
Qh3 Qg5 55. Re3 Kg6 56. Qh2 Rg3 57. Re1 Qd2 58. Rf1 Qxd4 59. Qxh4 Rg5 60. Qf4
Qe5 61. Qf8 Qf6 62. Qxf6+ Kxf6 63. Ra1 Ke5 64. Ra8 Kd4 65. Rd8 Kc3 66. Rd6 d4
67. Rxc6 Kxb4 68. Re6 Rxc5 69. Rxe4 Kc3 70. f4 b4 71. g4 b3 72. Kf2 b2 73. Re1
d3 74. Ke3 d2 75. Rd1 Rc8 76. Rb1 Re8+ 0-1

[Event "Clark Harmon Memorial"]
[Site "Portland"]
[Date "2013.04.14"]
[Round "4.2"]
[White "Cigan, Jason"]
[Black "Zavortink, Matt"]
[Result "0-1"]
[WhiteElo "2009"]
[BlackElo "2112"]
[PlyCount "80"]
[EventDate "2013.04.13"]
[EventType "swiss"]
[EventRounds "5"]
[EventCountry "USA"]

1. e4 Nf6 2. e5 Nd5 3. d4 d6 4. Nf3 dxe5 5. Nxe5 c6 6. Be2 Bf5 7. g4 Be6 8. c4
Nb6 9. c5 Nd5 10. f4 f6 11. Nd3 Nd7 12. f5 Bf7 13. Nf4 Nxf4 14. Bxf4 e5 15.
fxe6 Bxe6 16. Nc3 Be7 17. b4 O-O 18. h4 Re8 19. Qd3 b6 20. Kf2 Nf8 21. Bf3 Rc8
22. Rad1 Qd7 23. b5 bxc5 24. bxc6 Qxd4+ 25. Qxd4 cxd4 26. Nb5 Ng6 27. Bd6 Ne5
28. Rhe1 Bc4 29. Bxe5 fxe5 30. a4 a6 31. Na7 Rc7 32. Rc1 Bxh4+ 33. Kg2 Bxe1 34.
Rxc4 e4 35. Bd1 Rxa7 36. Rxd4 Rae7 37. Bb3+ Kh8 38. a5 e3 39. Bc4 e2 40. Kf3
Rf8+ 0-1

[Event "Clark Harmon Memorial"]
[Site "Portland"]
[Date "2013.04.14"]
[Round "4.3"]
[White "Botez, Alexandra Valeria"]
[Black "Levin, Scott Andrew"]
[Result "1-0"]
[WhiteElo "2044"]
[BlackElo "1834"]
[PlyCount "87"]
[EventDate "2013.04.13"]
[EventType "swiss"]
[EventRounds "5"]
[EventCountry "USA"]

1. d4 d5 2. c4 e6 3. Nf3 Be7 4. Nc3 Nf6 5. Bf4 c6 6. e3 O-O 7. cxd5 exd5 8. Qc2
Nbd7 9. O-O-O Bb4 10. Bd3 Qa5 11. g4 Bxc3 12. bxc3 Re8 13. Rdg1 c5 14. Ne5 Ne4
15. Bxe4 dxe4 16. Nc4 Qa6 17. Nd6 Re6 18. Nxe4 cxd4 19. exd4 Qa3+ 20. Kd1 Ra6
21. Re1 Nf8 22. f3 Qxa2 23. Nc5 Qxc2+ 24. Kxc2 Rf6 25. Nd3 Be6 26. Re3 Bd5 27.
Nb4 Bc4 28. Be5 Rb6 29. Rhe1 a5 30. Nd3 a4 31. Nb4 h6 32. f4 Rb5 33. f5 Nd7 34.
h4 a3 35. Bd6 Nf6 36. g5 Nd5 37. Nxd5 Rxd5 38. g6 Bb5 39. Bxa3 Rxf5 40. c4 Ba4+
41. Kc3 fxg6 42. Be7 Bd7 43. Rb1 Ra3+ 44. Bxa3 1-0